MDQL
is popping MORE tags! Check the
thread
!
Quizzes
Events
Quiz Creation
Community
Videos
Private Events
Remove Ads
Sign In
Join for FREE
Feedback
Dark Mode
Quiz Categories
Sports
Geography
Music
Movies
Television
Just For Fun
Miscellaneous
History
Literature
Language
Science
Gaming
Entertainment
Religion
Holiday
For Kids
Quiz Lab
Recent
Popular Today
Quiz Kudos Today
Editor Picks
Curator Picks
Quizzes by...
Day
Popularity
Type
Ratings
Length
Year
Community
Subscriptions
Recent Discussions
Orange Saloon
Badges
Playlists
Quests
Create
Leaderboards
Showdown
Live 5
Trivia Bingo
Activity
Puzzle Library
Sporcle Events
Private Events
Virtual Trivia
Globe League
Become a Host
Pub Owners
SporcleCon
Opinionation
Our Games
Videos
Blog
Mobile Apps
Partnerships
Remove Ads and Go Orange
Feedback
Geography
Country
Landmarks
City
State
Population
World
Capital
Continent
Flags
Europe
Africa
Asia
South America
North America
Oceania
Border
Canada
United Kingdom
Topography
United States
Geography
Country
Landmarks
City
State
Population
World
Capital
Continent
Flags
Europe
Africa
Asia
South America
North America
Oceania
Border
Canada
United Kingdom
Topography
United States
Random Quiz
Search Sporcle
×
Quiz Lab
Quiz Lab
Geography
City
Type in answers that appear in a list
Type in answers that appear in a list
Classic
Best Score? Go Orange.
US Cities on a Compass Stats
Can you name the most populous American cities containing the words north, south, east, or west?
By
stereo_love
20m
100 Questions
160 Plays
160 Plays
160 Plays
Comments
Comments
Give Quiz Kudos
Give Quiz Kudos
-
- Ratings
hide this ad
Replay
Link that replays current quiz
Next Quiz
Link to next quiz in quiz playlist
You Got
0%
They Got
Avg Score
13%
Avg Friend Score
Upgrade to see
Score Distribution
Jump to the score distribution portion of the page
Score
0/100
Timer
20:00
0
Plays Today
Population
City
% Correct
226,877
North Las Vegas
87.5%
133,579
West Valley City
81.3%
100,886
South Bend
68.8%
104,054
North Charleston
59.4%
110,077
West Jordan
56.3%
102,436
West Palm Beach
56.3%
27,073
Easton
56.3%
110,945
Westminster
53.1%
107,740
West Covina
53.1%
91,739
Westminster
53.1%
61,007
North Miami
53.1%
59,212
North Port
53.1%
27,308
Westport
53.1%
24,497
Northport
53.1%
18,645
Westminster
53.1%
68,388
Weston
50%
66,075
North Little Rock
50%
47,149
East Providence
50%
66,174
South San Francisco
43.8%
29,878
West Fargo
43.8%
28,495
Northampton
43.8%
18,968
West Chester
43.8%
55,046
West Haven
40.6%
32,238
North Providence
40.6%
73,006
Southfield
37.5%
64,544
East Orange
37.5%
63,371
West Hartford
37.5%
62,341
North Bergen
37.5%
51,199
East Hartford
37.5%
48,160
East Brunswick
37.5%
41,301
Westfield
37.5%
33,382
Westfield
37.5%
30,851
Westfield
37.5%
26,598
East St. Louis
37.5%
Population
City
% Correct
25,255
South Portland
37.5%
24,702
South Salt Lake
37.5%
18,612
South Burlington
37.5%
82,578
Westland
34.4%
61,255
West Des Moines
34.4%
48,554
East Lansing
34.4%
46,679
West Orange
34.4%
43,250
North Miami Beach
34.4%
42,241
North Brunswick
34.4%
29,212
East Chicago
34.4%
20,581
Northfield
34.4%
67,317
North Richland Hills
31.3%
52,122
West New York
31.3%
50,997
Southaven
31.3%
49,891
West Sacramento
31.3%
32,471
Westlake
31.3%
31,550
West Bend
31.3%
30,038
North Chicago
31.3%
27,554
West Chicago
31.3%
95,677
South Gate
28.1%
35,288
West Hollywood
28.1%
29,487
Southgate
28.1%
28,684
West Springfield
28.1%
28,234
Southlake
28.1%
24,534
North Platte
28.1%
23,939
North Haven
28.1%
21,382
East Ridge
28.1%
65,918
West Bloomfield
25%
30,875
West Lafayette
25%
29,121
East Haven
25%
60,697
West Allis
21.9%
55,191
Eastvale
21.9%
42,757
North Lauderdale
21.9%
35,512
East Point
21.9%
Population
City
% Correct
33,600
Northbrook
21.9%
32,627
Eastpointe
21.9%
29,143
East Palo Alto
21.9%
28,893
West Warwick
21.9%
23,784
South Plainfield
21.9%
19,756
West St. Paul
21.9%
32,292
North Olmsted
18.8%
26,520
West Milford
18.8%
22,056
North Plainfield
18.8%
20,436
South St. Paul
18.8%
59,366
North Jordan
15.6%
37,530
Westerfield
15.6%
31,269
North Ridgeville
15.6%
31,097
North Tonawanda
15.6%
30,367
North Royalton
15.6%
25,550
Key West
15.6%
25,545
West Memphis
15.6%
22,229
North Augusta
15.6%
21,968
South Euclid
15.6%
21,239
South Milwaukee
15.6%
20,253
West Mifflin
15.6%
44,831
West Seneca
12.5%
25,992
West Linn
12.5%
25,959
South Pasadena
12.5%
24,974
Westmont
12.5%
23,503
East Peoria
12.5%
22,170
South Holland
12.5%
21,387
South Lake Tahoe
12.5%
21,360
East Moline
12.5%
19,667
West Melbourne
12.5%
22,201
South Elgin
9.4%
20,398
South El Monte
9.4%
Quiz Playlist
Details
Report
Send in Message
Add To Playlist
Classic:
Type in answers that appear in a list
Quiz Source
Last Updated: Feb 16, 2017
Quiz Scoreboard
CHALLENGE
Sign Up to Join the Scoreboard
Show All
Scores
Hide
Comments
May contain spoilers
Recently Published
1-10 Letter E Words III
by El_Dandy
Language
2m
Street Fighter Characters
by Artimus82
Gaming
60s
College Basketball Coaching Resumes
by pancakes188
Sports
9m
More to Explore
Quiz From the Vault
Featured Blog Post
Where Did the Easter Bunny Come From?
hide this ad
You Might Also Like...
Tags
City Quiz
United States Quiz
California
California Cities
east
north
south
West
Today's Top Quizzes in Geography
Browse Geography
hide this ad
Today's Top Quizzes in City
Browse City
Top Contributed Quizzes in Geography
1
Countries of the World - No Outlines Minefield
2
Top 25 Cities of France on a map
3
Any capital of a 'B' country per Continent
4
Any capital of a 'C' country per Continent
5
Closest Countries to UK A-Z
6
Any capital of a 'D' country per Continent
7
5-to-1: US Geography No Hints
8
Any capital of an 'E' country per Continent
9
Find the US States - No Outlines
10
Any capital of an 'F' country per Continent
Explore More
Trending Topics
Crossword
NBA
Disney
Marvel
Kpop
Harry Potter
Anime
Country
Song
Pokémon
The Office
WWE
Soccer
Puzzle
NFL
hide this ad
More By:
stereo_love
Quiz
Plays
Rating
Category
Featured
Created
States by 'A' Cities
94,873
4.44
Geography
Sep 15, 2014
States by 'B' Cities
56,597
4.59
Geography
Sep 16, 2014
States by 'C' Cities
52,538
4.08
Geography
Sep 19, 2014
States by 'F' Cities
49,169
4.52
Geography
Sep 23, 2014
States by 'D' Cities
46,959
4.31
Geography
Sep 20, 2014
Go to Creator's Profile
Score Distribution
Quiz Creator Spotlight
stereo_love
Follow
Send a Message
Quizzes Created
-
Created Quiz Play Count
-
More By This Creator
Popular Quizzes Today
1
Find the US States - No Outlines Minefield
2
Find the Countries of Europe - No Outlines Minefield
3
The Countries of the World
4
Find the US States
5
Risky Map Clicking: Biggest States A-Z
6
US States
7
Popular People in 1961
8
Movies - When Are They Set?
More Geography Quizzes
Africa: Three-Border Countries
Published
Trending Quizzes
Risky Map Clicking: Least Populous States A-Z
Billboard Blitz: Aretha Franklin
1-10 Letter G Words
Countries of the World: 200 Million BC
1-10 Letter F Words
Recently Updated
Leaping Animals
pecheneg
Reality TV Shows (A-Z)
bhenderson79
Rickey Henderson's Hall of Fame Teammates
pecheneg
Champions League XIs: Arsenal
pecheneg
Quick Pick: Celebrities in WWE's Hall of Fame
aduchscher
A-Z Keypad Blitz II
pecheneg
Multiple Oscar Actors
pecheneg
Mystery Phrase Blitz: Oscar 'Best Actors'
pecheneg
F. Scott Fitzgerald Novels
LTH
Pick 3 Villains
ddd62291
Trending Topics
Anime
Disney
Harry Potter
NBA
Marvel
Crossword
Kpop
WWE
Song
Soccer
Puzzle
The Office
Country
NFL
Pokémon
Your Account Isn't Verified!
In order to create a playlist on Sporcle, you need to verify the email address you used during registration. Go to your
Sporcle Settings
to finish the process.
Report this User
Report this user for behavior that violates our
Community Guidelines
.
Details:
Send Report
Go to the Sporcle.com Mobile Site →
Comments